[Event "AUT-ch U10 Girls"]
[Site "St Kanzian"]
[Date "2017.06.16"]
[Round "2.7"]
[White "Warmuth, Antonia"]
[Black "Handrich, Carmina"]
[Result "1-0"]
[WhiteElo "800"]
[BlackElo "824"]
[PlyCount "24"]
[EventDate "2017.06.16"]
[EventType "swiss"]
[EventRounds "7"]
[EventCountry "AUT"]
[SourceTitle "EXT 2024"]
[Source "ChessBase"]
[SourceDate "2023.10.10"]
[SourceVersion "1"]
[SourceVersionDate "2023.10.10"]
[SourceQuality "1"]

1. d4 d5 2. Nc3 Nf6 3. Nf3 Bg4 4. e3 Bxf3 5. Qxf3 Nc6 6. Bb5 a6 7. Bxc6+ bxc6 8. 0-0 e6 9. Bd2 Bd6 10. e4 dxe4 11. Nxe4 Nxe4 12. Qxe4 0-0 1-0

[Event "AUT-ch U10 Girls"]
[Site "St Veit"]
[Date "2016.05.28"]
[Round "4.10"]
[White "Milanollo, Moana"]
[Black "Warmuth, Antonia"]
[Result "0-1"]
[WhiteElo "800"]
[BlackElo "800"]
[PlyCount "73"]
[EventDate "2016.05.27"]
[EventType "swiss"]
[EventRounds "7"]
[EventCountry "AUT"]
[SourceTitle "EXT 2024"]
[Source "ChessBase"]
[SourceDate "2023.10.10"]
[SourceVersion "1"]
[SourceVersionDate "2023.10.10"]
[SourceQuality "1"]

1. e4 e5 2. Nf3 Nc6 3. Bc4 Nf6 4. Nc3 Bb4 5. a3 Bxc3 6. bxc3 Nxe4 7. d3 Nf6 8. 0-0 0-0 9. Bg5 h6 10. Bxf6 Qxf6 11. d4 d6 12. Bb5 a6 13. Bd3 Bg4 14. h3 Bh5 15. Rb1 Rab8 16. Qe1 Bxf3 17. Qe3 Bxg2 18. Qg3 Bxf1 19. Rxf1 d5 20. dxe5 Nxe5 21. Kh1 Rbc8 22. Rg1 Kh8 23. Bf5 Rcd8 24. a4 b5 25. c4 bxa4 26. cxd5 Rxd5 27. c4 Rc5 28. f4 Nxc4 29. Be6 fxe6 30. h4 a3 31. Ra1 Ra5 32. Rc1 Ra4 33. Rb1 a2 34. Rc1 a1Q 35. Rxa1 Rxa1+ 36. Qg1 Rxg1+ 37. Kxg1 0-1